MARC

Tag First Indicator Second Indicator Subfields
LEADER 00000cam a22000008a 4500
001 in00001043421
005 20150928153342.0
008 910401s1991 enk 100 0 eng
010 |a  91015275  
020 |a 1851666540 
035 |a (OCoLC)23655089 
035 |9 AFH5501AM 
040 |a DLC  |c DLC  |d TXA  |d UtOrBLW 
043 |a f------ 
049 |a TXAM 
050 0 0 |a TN115  |b .A418 1991 
082 0 0 |a 622/.096  |2 20 
245 0 0 |a African mining '91. 
263 |a 9106 
264 1 |a London ;  |a New York :  |b Published for the Institution of Mining and Metallurgy by Elsevier Applied Science,  |c 1991. 
300 |a ix, 364 pages :  |b illustrations 
336 |a text  |b txt  |2 rdacontent 
337 |a unmediated  |b n  |2 rdamedia 
338 |a volume  |b nc  |2 rdacarrier 
500 |a Papers presented at a conference on African mining, held June 10-12, 1991, Harare, Zimbabwe, sponsored by the Institution of Mining and Metallurgy in association with the Zimbabwe Section of the Institution, the Geological Society of Zimbabwe, and the Zimbabwe Institute of Engineers. 
504 |a Includes bibliographical references. 
650 0 |a Mining engineering  |z Africa  |x Congresses. 
650 0 |a Metallurgy  |z Africa  |x Congresses. 
650 0 |a Mining engineering  |x Technological innovations  |x Congresses. 
650 0 |a Metallurgy  |x Technological innovations  |x Congresses. 
710 2 |a Institution of Mining and Metallurgy (Great Britain) 
710 2 |a Geological Society of Zimbabwe. 
710 2 |a Zimbabwe Institution of Engineers. 
999 |a MARS 
999 f f |s e195a67c-f2a2-3251-a7d3-b0c8ee690a88  |i 6a5c1c03-fcc1-328a-bd22-d7ae0454cd97  |t 0 
952 f f |p ric  |a Texas A&M University  |b Rellis Campus  |c Joint Library Facility  |d Remote Storage  |t 0  |e TN115 .A418 1991  |h Library of Congress classification  |i unmediated -- volume  |m A14815404680 
998 f f |a TN115 .A418 1991  |t 0  |l Remote Storage